| 000 | 00341nam a2200109Ia 4500 | ||
|---|---|---|---|
| 008 | 171204s9999 xx 000 0 und d | ||
| 245 | _aFriends, Foes, and Future Directions: U.S. Partnerships in a Turbulent World: | ||
| 245 | _cHans Binnendijk | ||
| 260 | _c2016 | ||
| 650 | _xHistory | ||
| 856 | _uhttp://down.ebook777.com/063/0833092200.pdf | ||
| 999 |
_c345532 _d345532 |
||